[Event "GRE-chT 52nd"]
[Site "Loutraki"]
[Date "2025.07.04"]
[Round "7.15"]
[White "Serefidou, Despina"]
[Black "Christodoulaki, Antonia"]
[Result "0-1"]
[WhiteElo "1930"]
[BlackElo "2111"]
[PlyCount "139"]
[EventDate "2025.06.28"]
[EventType "team-swiss"]
[EventRounds "7"]
[EventCountry "GRE"]
[SourceTitle "CB28_2025"]
[SourceDate "2025.07.09"]
[SourceVersion "1"]
[SourceVersionDate "2025.07.09"]
[SourceQuality "1"]
[WhiteTeam "Kavalas"]
[BlackTeam "OFI"]
[WhiteTeamCountry "GRE"]
[BlackTeamCountry "GRE"]

1. e4 e6 2. d4 d5 3. e5 c5 4. c3 Qa5 5. a3 Nc6 6. Nf3 Bd7 7. Be2 Nxd4 8. Nxd4 cxd4 9. b4 Qb6 10. cxd4 Rc8 11. Bb2 Ne7 12. Nc3 Nf5 13. Na4 Qd8 14. Nc5 Bxc5 15. bxc5 f6 16. exf6 Qxf6 17. 0-0 0-0 18. Qd3 Be8 19. Rad1 a6 20. Qb3 Rc7 21. Rd2 Qh4 22. Qf3 Qh6 23. Bc1 Rcf7 24. Qd3 Qf6 25. Qc3 Qh4 26. Rd3 Bb5 27. Rh3 Qxd4 28. Bxb5 axb5 29. Qxd4 Nxd4 30. Re3 Rc7 31. Bb2 Nf5 32. Rxe6 Rxc5 33. g4 Rc2 34. Be5 Nh4 35. f4 Ng6 36. Bd6 Rf6 37. Rxf6 gxf6 38. Rd1 Nh4 39. Rxd5 Nf3+ 40. Kf1 Nxh2+ 41. Ke1 Rb2 42. g5 Nf3+ 43. Kd1 fxg5 44. fxg5 Rg2 45. Be7 Kf7 46. Bf6 Kg6 47. Rxb5 Rd2+ 48. Kc1 Rd7 49. Rb6 Nxg5 50. Be7+ Kh5 51. Bf8 Nf7 52. a4 Kg4 53. a5 Ne5 54. a6 bxa6 55. Rxa6 h5 56. Ra4+ Kg3 57. Ra5 Nd3+ 58. Kd2 Nf4+ 59. Ke3 Nd5+ 60. Ke2 h4 61. Ra3+ Kg2 62. Ra8 h3 63. Bc5 Nf6 64. Ra6 Ne4 65. Rg6+ Ng3+ 66. Ke1 h2 67. Rh6 h1Q+ 68. Rxh1 Kxh1 69. Be3 Kg2 70. Bc5 0-1

[Event "GRE-chT2 48th"]
[Site "Thessaloniki"]
[Date "2021.10.09"]
[Round "6.5"]
[White "Mitika, Aikaterini"]
[Black "Serefidou, Despina"]
[Result "0-1"]
[WhiteElo "1208"]
[BlackElo "1933"]
[PlyCount "81"]
[EventDate "2021.10.05"]
[EventType "team-swiss"]
[EventRounds "7"]
[EventCountry "GRE"]
[SourceTitle "CBM 204 Extra"]
[Source "ChessBase"]
[SourceDate "2021.11.30"]
[SourceVersion "1"]
[SourceVersionDate "2021.11.30"]
[SourceQuality "1"]
[WhiteTeam "Serron PSSK"]
[BlackTeam "Triandrias OS"]
[WhiteTeamCountry "GRE"]
[BlackTeamCountry "GRE"]

1. e4 c5 2. Nf3 d6 3. d4 cxd4 4. Nxd4 Nf6 5. Nc3 a6 6. Bc4 Nbd7 7. Be3 Qc7 8. Bd3 e6 9. f3 Be7 10. a3 Ne5 11. Qd2 Bd7 12. b4 Rc8 13. Nce2 Nc4 14. Bxc4 Qxc4 15. 0-0 e5 16. Nf5 Bxf5 17. exf5 Qxc2 18. Rac1 Qxd2 19. Rxc8+ Kd7 20. Bxd2 Rxc8 21. Nc3 d5 22. Rb1 d4 23. Ne4 Nxe4 24. fxe4 Rc2 25. Be1 Re2 26. Kf1 Rxe4 27. Bf2 Rf4 28. Rd1 Rxf5 29. Ke2 Rf6 30. Bg3 Re6 31. Kd3 f5 32. h3 Bf6 33. Rc1 Rc6 34. Rxc6 Kxc6 35. Bf2 Kd5 36. g3 e4+ 37. Ke2 d3+ 38. Kd2 Bg5+ 39. Be3 Bxe3+ 40. Kxe3 Kc4 41. h4 0-1

[Event "GRE-chT2 48th"]
[Site "Thessaloniki"]
[Date "2021.10.06"]
[Round "3.3"]
[White "Pasoglou, Ekaterini"]
[Black "Serefidou, Despina"]
[Result "1/2-1/2"]
[WhiteElo "1856"]
[BlackElo "1933"]
[PlyCount "66"]
[EventDate "2021.10.05"]
[EventType "team-swiss"]
[EventRounds "7"]
[EventCountry "GRE"]
[SourceTitle "CBM 204 Extra"]
[Source "ChessBase"]
[SourceDate "2021.11.30"]
[SourceVersion "1"]
[SourceVersionDate "2021.11.30"]
[SourceQuality "1"]
[WhiteTeam "Kalamarias Han"]
[BlackTeam "Triandrias OS"]
[WhiteTeamCountry "GRE"]
[BlackTeamCountry "GRE"]

1. d4 Nf6 2. Nf3 e6 3. g3 b6 4. Bg2 Bb7 5. 0-0 Be7 6. c4 0-0 7. Nc3 Ne4 8. Nxe4 Bxe4 9. b3 d6 10. Bb2 Nd7 11. Nh4 Bxg2 12. Nxg2 d5 13. Nf4 Nf6 14. Rc1 c6 15. Nd3 Rc8 16. Ne5 Nd7 17. Nxd7 Qxd7 18. Qd3 Bf6 19. e3 Rfd8 20. Ba3 Qb7 21. cxd5 Rxd5 22. Qe2 e5 23. dxe5 Bxe5 24. Rfd1 Rcd8 25. Rxd5 Rxd5 26. Rd1 Qd7 27. Rxd5 Qxd5 28. Qc4 Qxc4 29. bxc4 f5 30. f4 Bc3 31. Kf2 Kf7 32. Kf3 Ke6 33. e4 g6 1/2-1/2

[Event "GRE-ch (Women) 42nd"]
[Site "Thessaloniki"]
[Date "2019.11.28"]
[Round "9"]
[White "Serefidou, Despina"]
[Black "Makka, Evanthia"]
[Result "1-0"]
[WhiteElo "1899"]
[BlackElo "2059"]
[PlyCount "111"]
[EventDate "2019.11.20"]
[EventType "tourn"]
[EventRounds "9"]
[EventCountry "GRE"]
[SourceTitle "CBM 193 Extra"]
[Source "ChessBase"]
[SourceDate "2020.01.31"]
[SourceVersion "1"]
[SourceVersionDate "2020.01.31"]
[SourceQuality "1"]

1. e4 d5 2. exd5 Qxd5 3. Nc3 Qd6 4. d4 Nf6 5. Nf3 g6 6. Bc4 Bg7 7. Ne5 0-0 8. Be3 c6 9. a4 Nbd7 10. f4 Nb6 11. Bb3 Nbd5 12. Nxd5 Nxd5 13. Bd2 Be6 14. 0-0 Nc7 15. c3 b6 16. Bxe6 Nxe6 17. Be3 Rac8 18. Qg4 Nc7 19. Rae1 e6 20. Qf3 Nd5 21. Bf2 Ne7 22. g4 Qd5 23. Bh4 Rfe8 24. Qh3 f6 25. Nd3 g5 26. Bf2 Ng6 27. Qe3 Rcd8 28. Nb4 gxf4 29. Nxd5 fxe3 30. Nxe3 Bh6 31. Bg3 Bg5 32. Nc4 Kg7 33. Re2 c5 34. dxc5 bxc5 35. Nd6 Re7 36. Ne4 c4 37. Nd6 Kg8 38. Nxc4 Rd3 39. Nd6 e5 40. Ne4 Kg7 41. Nxg5 fxg5 42. Rf5 Kh6 43. Bxe5 Rd5 44. Bf6 Rxf5 45. Bxe7 Rf4 46. a5 Rxg4+ 47. Kf2 Nf4 48. Kf3 Rg1 49. Rd2 Kh5 50. Bc5 Rf1+ 51. Ke4 Kg4 52. Bxa7 Re1+ 53. Kd4 Kf5 54. Bb8 Re4+ 55. Kc5 Ne6+ 56. Kb6 1-0

[Event "GRE-ch (Women) 42nd"]
[Site "Thessaloniki"]
[Date "2019.11.27"]
[Round "8"]
[White "Stefanidi, Maria Anna"]
[Black "Serefidou, Despina"]
[Result "1/2-1/2"]
[WhiteElo "2012"]
[BlackElo "1899"]
[PlyCount "165"]
[EventDate "2019.11.20"]
[EventType "tourn"]
[EventRounds "9"]
[EventCountry "GRE"]
[SourceTitle "CBM 193 Extra"]
[Source "ChessBase"]
[SourceDate "2020.01.31"]
[SourceVersion "1"]
[SourceVersionDate "2020.01.31"]
[SourceQuality "1"]

1. e4 e5 2. Nf3 Nc6 3. Bc4 Bc5 4. c3 Nf6 5. d3 d6 6. Nbd2 a6 7. Bb3 Ba7 8. h3 0-0 9. Nf1 d5 10. Qe2 Qd6 11. g4 Na5 12. Bc2 c5 13. Ng3 d4 14. c4 b5 15. b3 Rd8 16. Bg5 h6 17. Bd2 Bb6 18. g5 hxg5 19. Bxg5 Re8 20. Nh4 g6 21. Rg1 Kf8 22. Qf3 Nh7 23. Bd2 Qf6 24. Qxf6 Nxf6 25. Bh6+ Ke7 26. Bg5 Bd8 27. Nf3 Kd6 28. h4 Bg4 29. Nh2 Be6 30. Kd2 Ng4 31. Nxg4 Bxg4 32. Bd1 Bxd1 33. Raxd1 f6 34. Bh6 Rh8 35. Bg7 Rxh4 36. Ne2 g5 37. Ng3 Ke6 38. Nf5 Rf4 39. Ke2 Kf7 40. Bh6 Bc7 41. Rh1 Rg8 42. Rdg1 Bd8 43. f3 Nc6 44. cxb5 axb5 45. Rc1 Ne7 46. Nd6+ Kg6 47. Rxc5 b4 48. Rb5 Bc7 49. Nc4 Ra8 50. Rb7 Rxa2+ 51. Nd2 Rc2 52. Bf8 Kf7 53. Bxe7 Kxe7 54. Rh7+ Kd8 55. Kd1 Rc6 56. Rxb4 Rh4 57. Rxh4 gxh4 58. Rc4 Ra6 59. f4 Ra2 60. Nf3 h3 61. Rc2 Rxc2 62. Kxc2 exf4 63. Kd2 Ba5+ 64. Ke2 Kd7 65. Kf1 Bc3 66. Kg1 Kc6 67. Kh2 Kb5 68. Kxh3 Kb4 69. Kg4 Kxb3 70. Kxf4 Kc2 71. e5 fxe5+ 72. Nxe5 Kb3 73. Nc6 Ka4 74. Ke4 Kb5 75. Nxd4+ Kc5 76. Ne6+ Kd6 77. Nf4 Bg7 78. Nd5 Bh8 79. Ne3 Bc3 80. Nf5+ Ke6 81. Nd4+ Bxd4 82. Kxd4 Kd6 83. Kc4 1/2-1/2

[Event "GRE-ch (Women) 42nd"]
[Site "Thessaloniki"]
[Date "2019.11.25"]
[Round "6"]
[White "Christodoulaki, Antonia"]
[Black "Serefidou, Despina"]
[Result "0-1"]
[WhiteElo "2054"]
[BlackElo "1899"]
[PlyCount "118"]
[EventDate "2019.11.20"]
[EventType "tourn"]
[EventRounds "9"]
[EventCountry "GRE"]
[SourceTitle "CBM 193 Extra"]
[Source "ChessBase"]
[SourceDate "2020.01.31"]
[SourceVersion "1"]
[SourceVersionDate "2020.01.31"]
[SourceQuality "1"]

1. e4 e5 2. Nf3 Nc6 3. Bc4 Nf6 4. d3 Bc5 5. 0-0 d6 6. a4 a6 7. c3 Ba7 8. Re1 h6 9. h3 0-0 10. a5 Nh5 11. Be3 Qf6 12. Nh2 Qg6 13. Kh1 Bxe3 14. Rxe3 Kh8 15. g4 Nf4 16. Rg3 Be6 17. Nd2 d5 18. exd5 Bxd5+ 19. Bxd5 Nxd5 20. Qf3 Rad8 21. Nc4 Qg5 22. Qe4 Qf4 23. Nf3 Rfe8 24. Ng1 Qxe4+ 25. dxe4 Nf4 26. Re1 Nd3 27. Re2 Nc1 28. Re1 Nb3 29. Nf3 f6 30. Nh4 Ncxa5 31. Nxa5 Nxa5 32. Rge3 Rd2 33. R3e2 Rxe2 34. Rxe2 Rd8 35. Kg2 Kg8 36. Nf3 Nb3 37. Re1 Kf7 38. h4 Ke6 39. g5 hxg5 40. hxg5 a5 41. Rh1 Nc5 42. Rh4 Nd3 43. b3 Nf4+ 44. Kg3 Ne2+ 45. Kg4 Nxc3 46. Rh7 Rd7 47. gxf6 gxf6 48. Rxd7 Kxd7 49. Kf5 Ke7 50. Nd2 b5 51. f4 exf4 52. e5 fxe5 53. Kxe5 Ne2 54. Ke4 Kd6 55. Kf3 Nc1 56. Kxf4 Kc5 57. Ke5 Kb4 58. Kd5 Nxb3 59. Kc6 Nxd2 0-1

[Event "GRE-ch (Women) 42nd"]
[Site "Thessaloniki"]
[Date "2019.11.22"]
[Round "3"]
[White "Grapsa, Georgia"]
[Black "Serefidou, Despina"]
[Result "0-1"]
[WhiteElo "2026"]
[BlackElo "1899"]
[PlyCount "52"]
[EventDate "2019.11.20"]
[EventType "tourn"]
[EventRounds "9"]
[EventCountry "GRE"]
[SourceTitle "CBM 193 Extra"]
[Source "ChessBase"]
[SourceDate "2020.01.31"]
[SourceVersion "1"]
[SourceVersionDate "2020.01.31"]
[SourceQuality "1"]

1. d4 Nf6 2. c4 e6 3. g3 Bb4+ 4. Bd2 Qe7 5. Bg2 Nc6 6. e3 Bxd2+ 7. Nxd2 d6 8. Ne2 a5 9. 0-0 0-0 10. h3 e5 11. Re1 h6 12. g4 Nh7 13. Nc3 f5 14. Nd5 Qd8 15. f4 fxg4 16. hxg4 Kh8 17. Ne4 exd4 18. exd4 Nb4 19. Rf1 Nxd5 20. cxd5 Qh4 21. f5 h5 22. Bf3 hxg4 23. Bxg4 Nf6 24. Nxf6 Qg3+ 25. Kh1 Rxf6 26. Re1 Bxf5 0-1

[Event "GRE-chT 46th"]
[Site "Rio Achaia"]
[Date "2018.07.15"]
[Round "7.6"]
[White "Serefidou, Despina"]
[Black "Cyfka, Karina"]
[Result "0-1"]
[WhiteElo "1906"]
[BlackElo "2396"]
[PlyCount "72"]
[EventDate "2018.07.10"]
[EventType "team"]
[EventRounds "7"]
[EventCountry "GRE"]
[SourceTitle "CBM 185 Extra"]
[Source "ChessBase"]
[SourceDate "2018.07.29"]
[SourceVersion "1"]
[SourceVersionDate "2018.07.29"]
[SourceQuality "1"]
[WhiteTeam "Triandrias OF"]
[BlackTeam "Heraklion Attica"]
[WhiteTeamCountry "GRE"]
[BlackTeamCountry "GRE"]

1. e4 c5 2. Nf3 a6 3. d4 cxd4 4. Nxd4 Nf6 5. Nc3 e5 6. Nf3 Bb4 7. Bd2 d6 8. Nd5 Nxd5 9. exd5 Bc5 10. Be2 e4 11. Ng1 Qh4 12. g3 Qf6 13. Be3 Qxb2 14. Bxc5 Qc3+ 15. Kf1 Qxc5 16. a4 b6 17. Qd2 0-0 18. c4 Nd7 19. Qe3 Qxe3 20. fxe3 Nc5 21. Bd1 Bd7 22. h4 b5 23. cxb5 axb5 24. a5 Na4 25. Rh2 Rxa5 26. Rha2 Raa8 27. Ne2 Rac8 28. Nd4 Nc3 29. Ra6 Nxd5 30. Rxd6 Nxe3+ 31. Kf2 Nxd1+ 32. Rxd1 Bg4 33. Rb1 Rfe8 34. Ke3 Rc3+ 35. Kf4 h5 36. Rxb5 e3 0-1

[Event "GRE-chT 46th"]
[Site "Rio Achaia"]
[Date "2018.07.13"]
[Round "5.11"]
[White "Richterova, Natasa"]
[Black "Serefidou, Despina"]
[Result "1-0"]
[WhiteElo "2146"]
[BlackElo "1906"]
[PlyCount "105"]
[EventDate "2018.07.10"]
[EventType "team"]
[EventRounds "7"]
[EventCountry "GRE"]
[SourceTitle "CBM 185 Extra"]
[Source "ChessBase"]
[SourceDate "2018.07.29"]
[SourceVersion "1"]
[SourceVersionDate "2018.07.29"]
[SourceQuality "1"]
[WhiteTeam "You Go You"]
[BlackTeam "Triandrias OF"]
[WhiteTeamCountry "GRE"]
[BlackTeamCountry "GRE"]

1. Nf3 Nf6 2. c4 c5 3. Nc3 Nc6 4. d4 cxd4 5. Nxd4 d6 6. e4 g6 7. Be2 Bg7 8. Be3 Nxd4 9. Bxd4 0-0 10. 0-0 Be6 11. Rc1 Rc8 12. b3 Qa5 13. Qd3 Nd7 14. Bxg7 Kxg7 15. f4 Qc5+ 16. Kh1 f5 17. Bf3 Nf6 18. Rce1 fxe4 19. Nxe4 Nxe4 20. Rxe4 Rf6 21. Rfe1 Bf7 22. Rxe7 b5 23. cxb5 Rxf4 24. Bd5 Rc7 25. Rxc7 Qxc7 26. h3 Qc5 27. Bxf7 Rxf7 28. Rd1 Rf6 29. a4 Re6 30. Qd4+ Qxd4 31. Rxd4 Kf6 32. Rf4+ Ke7 33. Rc4 Kd7 34. Rc6 Re7 35. Ra6 Ke6 36. b6 axb6 37. Rxb6 Kd5 38. a5 Re1+ 39. Kh2 Ra1 40. b4 Kc4 41. Rxd6 Kxb4 42. Rd7 Rxa5 43. Rxh7 Kc4 44. Rd7 Rg5 45. g3 Rf5 46. h4 g5 47. Kh3 gxh4 48. Kxh4 Rf1 49. g4 Rh1+ 50. Kg5 Rg1 51. Kf5 Rf1+ 52. Kg6 Rg1 53. g5 1-0

[Event "Thessaloniki White Tower op 40th"]
[Site "Thessaloniki"]
[Date "2018.01.02"]
[Round "1"]
[White "Pancevski, Filip"]
[Black "Serefidou, Despina"]
[Result "1-0"]
[WhiteElo "2498"]
[BlackElo "1949"]
[PlyCount "75"]
[EventDate "2018.01.02"]
[EventType "swiss"]
[EventRounds "9"]
[EventCountry "GRE"]
[SourceTitle "CBM 182 Extra"]
[Source "ChessBase"]
[SourceDate "2018.02.23"]
[SourceVersion "1"]
[SourceVersionDate "2018.02.23"]
[SourceQuality "1"]

1. e4 e5 2. Nf3 Nc6 3. Bb5 a6 4. Ba4 Nf6 5. d3 Bc5 6. Nc3 d6 7. a3 h6 8. Be3 Bxe3 9. fxe3 b5 10. Bb3 Na5 11. Ba2 c5 12. Nd5 Nxd5 13. Bxd5 Bb7 14. 0-0 0-0 15. Qe1 Bxd5 16. exd5 c4 17. d4 exd4 18. Nxd4 Nb7 19. Qg3 Qg5 20. Qxg5 hxg5 21. b4 cxb3 22. cxb3 Rfe8 23. Rac1 Rac8 24. b4 Rc4 25. Rxc4 bxc4 26. Rc1 Rxe3 27. Rxc4 Kf8 28. Nf5 Re5 29. Rc8+ Re8 30. Rc7 Rb8 31. Rc6 Ra8 32. Rb6 Ra7 33. Nd4 Nd8 34. Rb8 Rd7 35. Nc6 Ke8 36. a4 f5 37. a5 f4 38. b5 1-0

[Event "EU-chT (Women) 21st"]
[Site "Heraklion"]
[Date "2017.11.01"]
[Round "5.3"]
[White "Puuska, Heini"]
[Black "Serefidou, Despina"]
[Result "1-0"]
[WhiteElo "1947"]
[BlackElo "1965"]
[PlyCount "125"]
[EventDate "2017.10.28"]
[EventType "team-swiss"]
[EventRounds "9"]
[EventCountry "GRE"]
[SourceTitle "CBM 181 Extra"]
[Source "ChessBase"]
[SourceDate "2017.12.12"]
[SourceVersion "1"]
[SourceVersionDate "2017.12.12"]
[SourceQuality "1"]
[WhiteTeam "Finland (W)"]
[BlackTeam "Greece (W) II"]
[WhiteTeamCountry "FIN"]
[BlackTeamCountry "GRE"]

1. d4 Nf6 2. Nf3 e6 3. Bf4 c5 4. e3 b6 5. Nbd2 Bb7 6. Bd3 cxd4 7. exd4 Be7 8. h3 d6 9. c3 Nbd7 10. Nc4 Qc7 11. a4 a6 12. Bh2 0-0 13. 0-0 Rfe8 14. Re1 Bf8 15. Ne3 Qc6 16. Rc1 e5 17. Bb1 g6 18. Ba2 Bh6 19. Qb3 Re7 20. Bg3 Qc8 21. Nh4 Qf8 22. Rcd1 Bxe3 23. fxe3 Ne4 24. Bh2 Ng5 25. Rf1 Qh6 26. Bg3 Rf8 27. c4 Be4 28. Bb1 Bxb1 29. Rxb1 Ne4 30. Be1 exd4 31. exd4 Nd2 32. Bxd2 Qxd2 33. Nf3 Qe3+ 34. Qxe3 Rxe3 35. Rfe1 Rfe8 36. Kf2 Rxe1 37. Rxe1 Rxe1 38. Nxe1 a5 39. Nd3 f5 40. b4 axb4 41. Nxb4 Nf6 42. Ke3 Nd7 43. Nd3 Kf7 44. c5 dxc5 45. dxc5 bxc5 46. a5 Ke6 47. a6 Kd6 48. a7 Nb6 49. Kf4 Kd5 50. Kg5 c4 51. Nb4+ Kc5 52. Nc2 Kd6 53. Ne3 Kc5 54. Kh6 Kd4 55. Nxc4 Kxc4 56. Kxh7 g5 57. Kg6 g4 58. Kxf5 gxh3 59. gxh3 Kb5 60. h4 Ka6 61. h5 Kxa7 62. h6 Nd5 63. h7 1-0

[Event "GRE-chT 45th"]
[Site "Achaia"]
[Date "2017.07.05"]
[Round "4.14"]
[White "Serefidou, Despina"]
[Black "Toumbeli, Zoi"]
[Result "1-0"]
[WhiteElo "1981"]
[BlackElo "1863"]
[PlyCount "109"]
[EventDate "2017.07.03"]
[EventType "team-swiss"]
[EventRounds "7"]
[EventCountry "GRE"]
[SourceTitle "CBM 179 Extra"]
[Source "ChessBase"]
[SourceDate "2017.08.23"]
[SourceVersion "1"]
[SourceVersionDate "2017.08.23"]
[SourceQuality "1"]
[WhiteTeam "Triandrias PG"]
[BlackTeam "Patron Sailing"]
[WhiteTeamCountry "GRE"]
[BlackTeamCountry "GRE"]

1. e4 d6 2. d4 Nf6 3. Nc3 g6 4. Be3 Bg7 5. f3 c6 6. Qd2 h5 7. 0-0-0 b5 8. h4 b4 9. Nce2 a5 10. Nf4 Qc7 11. e5 Nd5 12. Nxd5 cxd5 13. exd6 Qxd6 14. Bb5+ Bd7 15. Bxd7+ Nxd7 16. Bf4 Qxf4 17. Qxf4 Bh6 18. Nh3 Bxf4+ 19. Nxf4 Nf6 20. Rd3 Rc8 21. a3 0-0 22. axb4 axb4 23. b3 Rc7 24. Kb2 Rfc8 25. Rd2 e6 26. Nd3 Rb8 27. Ra1 Nd7 28. Ra4 Rcb7 29. Rd1 Nb6 30. Ra6 Nd7 31. Rda1 Nb6 32. R1a5 Rc7 33. Rb5 Rbc8 34. Nc5 Nd7 35. Raa5 Nxc5 36. dxc5 Rc6 37. c3 bxc3+ 38. Kxc3 e5 39. b4 R8c7 40. Rb8+ Kg7 41. Rd8 d4+ 42. Kc4 Kf6 43. Rd5 Ke6 44. b5 Rb6 45. Ra8 Kf5 46. g3 f6 47. Kb4 Rbb7 48. b6 Ke6 49. Rd6+ Ke7 50. Kc4 Rd7 51. Rxd7+ Kxd7 52. Kd5 Ke7 53. Kc6 Rd7 54. b7 d3 55. b8Q 1-0

[Event "GRE-ch (Women) 39th"]
[Site "Athens"]
[Date "2017.03.16"]
[Round "6"]
[White "Serefidou, Despina"]
[Black "Makka, Evanthia"]
[Result "1-0"]
[WhiteElo "1933"]
[BlackElo "2073"]
[PlyCount "85"]
[EventDate "2017.03.11"]
[EventType "tourn"]
[EventRounds "9"]
[EventCountry "GRE"]
[SourceTitle "EXT 2024"]
[Source "ChessBase"]
[SourceDate "2023.10.10"]
[SourceVersion "1"]
[SourceVersionDate "2023.10.10"]
[SourceQuality "1"]

1. e4 g6 2. d4 Bg7 3. Nc3 c6 4. Nf3 d6 5. h3 Nd7 6. Be3 e5 7. a4 a5 8. Bc4 Ngf6 9. 0-0 0-0 10. dxe5 Nxe5 11. Nxe5 dxe5 12. Qxd8 Rxd8 13. Rfd1 Re8 14. Rd6 Nd7 15. Rad1 Nf8 16. Rd8 Be6 17. Rxe8 Rxe8 18. Bxe6 Nxe6 19. Rd7 Nd4 20. Rxb7 Nxc2 21. Bb6 Ra8 22. Ra7 Rxa7 23. Bxa7 Na1 24. Kf1 f5 25. Ke2 Nb3 26. Bb8 Kf7 27. Kd3 Nc5+ 28. Kc4 Na6 29. Ba7 Bf8 30. Bb6 Bb4 31. f3 Ke6 32. Na2 Kd6 33. Nxb4 axb4 34. Bf2 fxe4 35. fxe4 Ke6 36. Bc5 b3 37. Be3 Kd6 38. Kxb3 c5 39. Kc4 Kc6 40. Bh6 Nb4 41. Bf8 Na6 42. b3 Kb6 43. Bd6 1-0

[Event "SRB-chT (Women)"]
[Site "Kragujevac"]
[Date "2016.09.24"]
[Round "3.1"]
[White "Serefidou, Despina"]
[Black "Stojadinov, Svetlana"]
[Result "0-1"]
[WhiteElo "1953"]
[BlackElo "1927"]
[PlyCount "71"]
[EventDate "2016.09.22"]
[EventType "team-tourn"]
[EventRounds "11"]
[EventCountry "SRB"]
[SourceTitle "CBM 174 Extra"]
[Source "ChessBase"]
[SourceDate "2016.10.10"]
[SourceVersion "1"]
[SourceVersionDate "2016.10.10"]
[SourceQuality "1"]
[WhiteTeam "Lestane (W)"]
[BlackTeam "Novi Sad (W)"]
[WhiteTeamCountry "SRB"]
[BlackTeamCountry "SRB"]

1. e4 e5 2. Nf3 Nf6 3. Nxe5 d6 4. Nf3 Nxe4 5. d4 Be7 6. Bd3 Nf6 7. h3 0-0 8. 0-0 d5 9. Nc3 h6 10. Re1 Nc6 11. a3 Be6 12. Ne2 Qd7 13. Nf4 Bd6 14. Nxe6 fxe6 15. Ne5 Qc8 16. c3 Ne7 17. Bc2 c5 18. Qd3 cxd4 19. cxd4 Nf5 20. Ng6 Rf7 21. Bb3 Ne7 22. Nxe7+ Rxe7 23. Bxh6 Ne4 24. Be3 Qf8 25. Bc2 Rc8 26. f3 Nf6 27. Rac1 Bg3 28. Rf1 Bh4 29. g4 Qe8 30. g5 Qh5 31. gxf6 gxf6 32. Kh2 f5 33. Rg1+ Kf8 34. Bf4 Rh7 35. Rcf1 Bf2 36. Rg5 0-1

[Event "Padova op-A 18th"]
[Site "Padova"]
[Date "2015.12.14"]
[Round "2.24"]
[White "Sorbera, Giovanni"]
[Black "Serefidou, Despina"]
[Result "1-0"]
[WhiteElo "2191"]
[BlackElo "1978"]
[PlyCount "43"]
[EventDate "2015.12.13"]
[EventType "swiss"]
[EventRounds "9"]
[EventCountry "ITA"]
[SourceTitle "EXT 2024"]
[Source "ChessBase"]
[SourceDate "2023.10.10"]
[SourceVersion "1"]
[SourceVersionDate "2023.10.10"]
[SourceQuality "1"]

1. d4 Nf6 2. c4 e6 3. Nf3 b6 4. a3 Ba6 5. Qa4 Bb7 6. Nc3 c5 7. Bf4 cxd4 8. Nb5 Na6 9. b4 Be7 10. Nfxd4 0-0 11. Nd6 Qb8 12. N4b5 Ne4 13. Rd1 Bh4 14. g3 Bg5 15. Nxb7 Qxb7 16. Bg2 Bxf4 17. gxf4 d5 18. cxd5 exd5 19. Nd6 Qc7 20. Qxa6 Rfd8 21. Qb7 Qxb7 22. Nxb7 1-0

[Event "Barcelona Sants op 16th"]
[Site "Barcelona"]
[Date "2014.08.22"]
[Round "1"]
[White "Serefidou, Despina"]
[Black "Schroeder, Jan Christian"]
[Result "0-1"]
[WhiteElo "1938"]
[BlackElo "2367"]
[PlyCount "56"]
[EventDate "2014.08.22"]
[EventType "swiss"]
[EventRounds "10"]
[EventCountry "ESP"]
[SourceTitle "CBM 162 Extra"]
[Source "ChessBase"]
[SourceDate "2014.10.17"]
[SourceVersion "1"]
[SourceVersionDate "2014.10.17"]
[SourceQuality "1"]

1. e4 e5 2. Nf3 Nc6 3. Nc3 Nf6 4. d4 exd4 5. Nxd4 Bb4 6. Nxc6 bxc6 7. Bd3 d5 8. exd5 cxd5 9. 0-0 0-0 10. h3 Re8 11. Qf3 c6 12. Bf4 Bd6 13. Rfe1 Be6 14. b3 Bxf4 15. Qxf4 Qa5 16. Ne2 c5 17. c3 Rad8 18. b4 cxb4 19. cxb4 Qa3 20. Bb5 Bd7 21. Bxd7 Nxd7 22. Ng3 Nf8 23. Nf5 Qc3 24. Rec1 Qf6 25. Qf3 Ne6 26. Rd1 Ng5 27. Qf4 Re4 28. Qc7 Ne6 0-1

[Event "GRE-chT 42nd"]
[Site "Porto Rio"]
[Date "2014.06.28"]
[Round "1.5"]
[White "Serefidou, Despina"]
[Black "Vatkali, Dimitra"]
[Result "0-1"]
[WhiteElo "1945"]
[BlackElo "1991"]
[PlyCount "82"]
[EventDate "2014.06.28"]
[EventType "team-swiss"]
[EventRounds "7"]
[EventCountry "GRE"]
[SourceTitle "CBM 161 Extra"]
[Source "ChessBase"]
[SourceDate "2014.08.29"]
[SourceVersion "1"]
[SourceVersionDate "2014.08.29"]
[SourceQuality "1"]
[WhiteTeam "Kavalas CN"]
[BlackTeam "Kavalas OFS"]
[WhiteTeamCountry "GRE"]
[BlackTeamCountry "GRE"]

1. e4 c6 2. d4 d5 3. e5 c5 4. dxc5 Nc6 5. Nf3 Bg4 6. Bb5 e6 7. Be3 Nge7 8. c3 Qc7 9. Nbd2 Nf5 10. Bd4 Be7 11. h3 Bh5 12. 0-0 0-0 13. Bxc6 bxc6 14. b4 Nxd4 15. cxd4 Rfb8 16. a3 a5 17. Qb3 Rb5 18. Qc3 Qb7 19. bxa5 Bg6 20. Ne1 Bd8 21. Nd3 Bxa5 22. Nb4 Rb8 23. Ra2 Bxb4 24. axb4 Rxb4 25. Rfa1 h6 26. Ra7 Qb5 27. R7a5 Qd3 28. Qxd3 Bxd3 29. R1a3 Be2 30. Re3 Bd1 31. Re1 Bh5 32. g4 Rxd4 33. Nf3 Rd3 34. Re3 Rd1+ 35. Kg2 Bg6 36. Ra6 d4 37. Rea3 Be4 38. Rb6 Rd8 39. Rb7 d3 40. Rb4 Bxf3+ 41. Kxf3 d2 0-1

[Event "Skopje Karposh op"]
[Site "Skopje"]
[Date "2014.04.01"]
[Round "5"]
[White "Jefic, Srdjan"]
[Black "Serefidou, Despina"]
[Result "0-1"]
[WhiteElo "2214"]
[BlackElo "1916"]
[PlyCount "78"]
[EventDate "2014.03.29"]
[EventType "swiss"]
[EventRounds "9"]
[EventCountry "MKD"]
[SourceTitle "CBM 159 Extra"]
[Source "ChessBase"]
[SourceDate "2014.04.24"]
[SourceVersion "1"]
[SourceVersionDate "2014.04.24"]
[SourceQuality "1"]

1. e4 c5 2. Nc3 d6 3. f4 Nc6 4. Nf3 g6 5. d3 Bg7 6. g3 e6 7. Bg2 Nge7 8. 0-0 0-0 9. h3 Rb8 10. Ne2 Nd4 11. c3 Nxe2+ 12. Qxe2 Nc6 13. Be3 b5 14. e5 Ne7 15. exd6 Qxd6 16. Qf2 Qc7 17. Bxc5 a6 18. Ne5 Bb7 19. Ba7 Ra8 20. Bb6 Qc8 21. Bc5 Bxg2 22. Kxg2 Qb7+ 23. Kh2 Rac8 24. Rae1 Rfd8 25. Bxe7 Qxe7 26. d4 b4 27. Re3 Rc7 28. Qd2 Qd6 29. Rd3 Bxe5 30. fxe5 Qd5 31. Ra1 Rdc8 32. h4 h5 33. a3 bxc3 34. Rxc3 Rxc3 35. bxc3 Qb3 36. Rc1 Rc4 37. Rc2 Qxa3 38. Qd3 Qb3 39. Qd2 a5 0-1

[Event "Skopje Karposh op"]
[Site "Skopje"]
[Date "2014.03.31"]
[Round "4"]
[White "Serefidou, Despina"]
[Black "Thiel, Kuno"]
[Result "1-0"]
[WhiteElo "1916"]
[BlackElo "2168"]
[PlyCount "83"]
[EventDate "2014.03.29"]
[EventType "swiss"]
[EventRounds "9"]
[EventCountry "MKD"]
[SourceTitle "CBM 159 Extra"]
[Source "ChessBase"]
[SourceDate "2014.04.24"]
[SourceVersion "1"]
[SourceVersionDate "2014.04.24"]
[SourceQuality "1"]

1. e4 Nf6 2. e5 Nd5 3. d4 d6 4. c4 Nb6 5. f4 Bf5 6. Nc3 Na6 7. a3 c5 8. Nf3 e6 9. dxc5 dxc5 10. Be3 Be7 11. Be2 Qxd1+ 12. Rxd1 0-0 13. Nd2 Rfd8 14. Nde4 Rxd1+ 15. Kxd1 Rd8+ 16. Kc1 Na4 17. Bf3 Rd3 18. Bf2 Nxc3 19. Nxc3 b6 20. Nb5 g5 21. Nxa7 gxf4 22. Nc8 Bd8 23. Nd6 Bg6 24. Be2 Rb3 25. Bd1 Re3 26. Bxe3 fxe3 27. Be2 Nb8 28. h4 h5 29. Rh3 Nc6 30. Rxe3 Bxh4 31. Kd1 Nd4 32. Bd3 Bg5 33. Rh3 Bf4 34. Bxg6 fxg6 35. Nc8 Bxe5 36. Nxb6 Nf5 37. Rb3 Bd4 38. a4 Ne3+ 39. Rxe3 Bxe3 40. a5 Bf4 41. Nd7 Bc7 42. a6 1-0